The chair No. 14 by Michael Thonet
Αποθηκεύτηκε σε:
| Κύριος συγγραφέας: | |
|---|---|
| Μορφή: | Βιβλίο |
| Γλώσσα: | English |
| Δημοσίευση: |
Frankfurt am Main :
Verlag form,
c1998.
|
| Σειρά: | Design classics
|
| Θέματα: | |
| Ετικέτες: |
Προσθήκη ετικέτας
Δεν υπάρχουν, Καταχωρήστε ετικέτα πρώτοι!
|
MARC
| LEADER | 00000cam a2200000 i 4500 | ||
|---|---|---|---|
| 001 | 1/85304 | ||
| 008 | 050914s1998 gw | ||| |||| ||eng|| | ||
| 020 | |a 3931317706 | ||
| 035 | |l 10080244 | ||
| 040 | |a GR-MyUa |b gre |e AACR2 | ||
| 041 | 0 | |a eng | |
| 082 | 7 | |a 749.32 |2 (22) | |
| 100 | 1 | |a Gleiniger, Andrea. | |
| 245 | 1 | 4 | |a The chair No. 14 by Michael Thonet / |c Andrea Gleiniger. |
| 260 | |a Frankfurt am Main : |b Verlag form, |c c1998. | ||
| 300 | |a 46 σ. : |b έγχρ. εικ. ; |c 16 εκ. | ||
| 490 | 1 | |a (Design classics) | |
| 600 | 1 | 0 | |a Thonet, Michael, |d 1796-1871. |
| 650 | 0 | |a Chair design |z Austria |z Vienna. | |
| 650 | 0 | |a Bentwood furniture. | |
| 830 | 0 | |a Design classics | |
| 852 | |a INST |b SYROS |e 20050914 |h 749.32 GLE |p 005500004253 |q 005500004253 |t BK |y 0 | ||
| 901 | |a BIBL5-2005-3 | ||
| 920 | |a ΔΙΕΥΡΥΝΣΗ |b ΕΠΕΑΕΚ-ΤΜΣΠΣ |y Σύρος |z 2004-10 | ||
| 970 | |a Κοντού |b Παρασκευή |z 14/10/2005 | ||